000 01380naa a22002777a 4500
001 BR9506428
003 BR-BrBNA
005 20240918181335.0
007 ta
008 230509b bl.||||| |||| 00| 0 por d
040 _aBR-BrBNA
_bpor
_cBiblioteca Nacional de Agricultura
041 _a(Pt)
072 _aF06
090 _aF06 BR9506428
100 1 _aAlmeida, M.G. de
111 1 _aConferencia Internacional sobre Impactos de Variacoes Climaticas e Desenvolvimento Sustentavel em Regioes Semi-Aridas
_cFortaleza, CE (Brazil)
_d27 Jan - 1 Feb 1992
245 1 _aPolitica de irrigacao: promessas de prosperidade no sertao - regiao do semi-arido sergipano Brasil
260 3 _aFortaleza, CE (Brasil):
_c1992.
500 _aMagalhaes, A.R.(Coord.) Anais da Conferencia Internacional sobre Impactos de Variacoes Climaticas e Desenvolvimento Sustentavel em Regioes Semi-Aridas Fortaleza, CE (Brasil): 1992. v. 8 p. 2653-2674 (BR9506428-AM)F06
650 _aPolitica Governamental
650 _aIrrigacao
650 _aSergipe
773 0 _tAnais da Conferencia Internacional sobre Impactos de Variacoes Climaticas e Desenvolvimento Sustentavel em Regioes Semi-Aridas
_aMagalhaes, A.R.(Coord.). Governo do Estado do Ceara, Fortaleza (Brasil)
_wF06 BR9506428
_gFortaleza, CE (Brasil), 1992. v. 8 p. 2653-2674
909 _a202404
_bLucia
_c55
_dLucia Elande
942 _cAM
_2AGRIS
999 _c324836
_d324836